000 00367 a2200157 4500
001 152484
040 _cEscola São Tomás de Aquino
100 _aRIMBAUD, ARTHUR
240 1 0 _aAntologia de poemas para juventude
_lpor
245 1 0 _aAntologia de poemas para juventude
300 _a127
362 0 _a2000
440 1 _aEdiouro
697 _aPoesia
942 _cBK
999 _c152484
_d152484